| 000 | 00355 a2200133 4500 | ||
|---|---|---|---|
| 082 | _a923.25491 | ||
| 090 |
_c5323 _d5323 |
||
| 100 | _aSafdar Ali Najmi | ||
| 245 |
_aMadar-e-Millat Mohtarma Fatima Jinnah _cSafdar Ali Najmi |
||
| 260 |
_aKarachi _bUniversal Publication _c2003 |
||
| 300 | _a160p | ||
| 500 | _aHard cover | ||
| 942 |
_aNBS _cBK _k923.25491 NAJ |
||
| 999 |
_c347735 _d347735 |
||